000 01037cam a2200229 4500
001 ABS68206
008 040917n2004 000 0 eng u
035 _a(Sirsi) u127451
245 _aSpecial report: business and science parks
260 _c2004
490 _aProperty Week
_v69(35) 27 August 2004, 41-50(6)
520 _aThe first article "Testing times" reports how animal rights activists have cost the UK £1bn in lost investment. Highlights the problems that activists are making for MEPC's Granta Park. "The only way is up" reports on the annual IPD/Strutt and Parker Business Index 2003 report which shows how low the UK business park sector fell last year. The indications from the first half of 2004 suggest that the outlook for business parks is improving.
590 _aABS
590 _aABS
650 _aBUSINESS PARKS
650 _aSCIENCE PARKS
650 _aANIMAL RIGHTS ACTIVISTS
650 _aRESEARCH REPORTS
650 _aBUSINESS PARK INDEX
690 _aCOMMERCIAL PROPERTY
_96227
942 _n0
999 _c118017
_d118017